000
00341pab a2200145 454500
008
180718b1987 xxu||||| |||| 00| 0 eng d
100
_a
Nagarajan, N.V.
245
_a
A case for rural industrialisation
260
_c
1987
300
_a
388-90
362
_a
June
650
_a
Industry, Rural
773
_a
Khadi Gramodyog
909
_a
10639
999
_c
10639
_d
10639